000 00573nam a22001697a 4500
999 _c20899
_d20899
003 OSt
005 20240827142404.0
008 240827b ||||| |||| 00| 0 eng d
040 _c0
082 _aDPer 379.1 J826 Winter-Spring 2021 v. 46, n. 3-4
100 _aMartinez, David G.
_eauthor.
_958996
245 _aNevada /
_cDavid G. Martinez.
260 _aIllinois, United States;
_bUniversity of Illinois Press and Johns Hopkins University Press,
_cWinter 2021.
300 _aVolume 46, pages 316-318.
700 _aMartinez, David G.
_eauthor.
_958996
942 _2ddc
_cPER